| 000 | 04021nab a2200373 i 4500 | ||
|---|---|---|---|
| 003 | BR-BrBNA | ||
| 005 | 20240916111615.0 | ||
| 008 | 240916b2018 bl.|r|pooa||| 00| 0 por | | ||
| 040 |
_aBR-BrBNA _bpor |
||
| 072 |
_aL70 _b5400 |
||
| 072 | _aL73 | ||
| 100 | _aAndrades, A.O. | ||
| 100 | _aAiello, G. | ||
| 100 | _aColvero, A.C.T. | ||
| 100 | _aFerrarin, D.A. | ||
| 100 | _aSchneider, L. | ||
| 100 | _aRipplinger, A. | ||
| 100 | _aSchwab, M.L. | ||
| 100 | _aMazzanti, A. | ||
| 245 | _aModalidades fisioterapêuticas na reabilitação de cães com doença do disco intervertebral toracolombar submetidos à cirurgia descompressiva: 30 casos (2008-2016) | ||
| 500 | _a Publicação online; 30 ref.; 3 tables; Summaries (En, Pt) | ||
| 520 | _a RESUMO - Este estudo retrospectivo teve como objetivo demonstrar as modalidades fisioterapêuticas empregadas no tratamento de cães com doença do disco intervertebral (DDIV) toracolombar após descompressão cirúrgica da medula espinhal, bem como relatar os fatores que determinaram as alterações das modalidades. Foram incluídos 30 cães que apresentavam sinais neurológicos desde paraparesia ambulatória a paraplegia com dor profunda na primeira sessão de fisioterapia. As modalidades utilizadas nos protocolos de todos os pacientes foram a crioterapia, massagem, alongamento passivo, movimentação passiva articular, estímulo do reflexo flexor e estimulação elétrica neuromuscular. A inclusão ou exclusão de exercícios terapêuticos, como a tipoia corporal, a plataforma proprioceptiva circular, a natação, a hidroesteira, os obstáculos e a caminhada em colchão, foi de acordo com a evolução clínica e a adaptação de cada paciente. Oitenta por cento (80%) dos cães alteraram o grau de disfunção neurológica antes de iniciar a fisioterapia e 93% retornaram à habilidade de caminhar (paraparesia ambulatória) ao final da fisioterapia. O número de sessões e o tempo de recuperação foram maiores quanto pior foi o grau de lesão do paciente. Palavras-chave: fisioterapia veterinária, protocolo fisioterapêutico, neurologia | ||
| 520 | _a ABSTRACT - This retrospective study aimed to demonstrate the physiotherapeutic modalities used in the treatment of dogs with thoracolumbar intervertebral disc disease (IVDD) after surgical spinal cord decompression and to report elements that determined the modalities changes. Thirty dogs with deep pain perception were selected in the first physiotherapy session, presenting a range of clinical signs from ambulatory paraparesis to paraplegia. The modalities used in the protocols of all patients were cryotherapy, massage, passive stretching, passive range of motion, flexor reflex stimulation and neuromuscular electrical stimulation. The inclusion or exclusion of the therapeutic exercises how body sling (walking sling), circular proprioceptive platform, swimming, underwater treadmill, cavaletti rails and foam mattress walking were according to the clinical evolution and acceptance of each patient. Eighty percent (80%) of the dogs manifested improvement in their neurological dysfunction degree before starting physical therapy and 93% were able to walk again (ambulatory paraparesis) at the end of physiotherapy. The number of sessions and recovery times were higher in patients with higher neurological dysfunction degrees. Keywords: veterinary physiotherapy, physiotherapeutic protocol, neurology | ||
| 650 | _aCÃO | ||
| 650 | _aDOENÇA ANIMAL | ||
| 650 | _aNEUROLOGIA | ||
| 650 | _aCIRURGIA | ||
| 650 | _aFISIOTERAPIA | ||
| 650 | _aVETERINÁRIA | ||
| 773 | 0 |
_01643 _9318020 _dBelo Horizonte-MG Universidade Federal de Minas Gerais - Escola de Veterinaria 1983 _o2024-4754 _tArquivo Brasileiro de Medicina Veterinária e Zootecnia (Brazil) _x0102-0935 _gv. 70(4) p. 1089-1098; (2018) _wBR2024002451 |
|
| 856 | _uhttps://www.scielo.br/j/abmvz/a/BfSstZNftGXSWmjf5wxcWLM/?format=pdf&lang=pt | ||
| 942 | _cANA | ||
| 999 |
_c301235 _d301235 |
||